| 000 | 00933nam a2200277 a 4500 | ||
|---|---|---|---|
| 008 | |||
| 020 | _a0070288119 (cased) | ||
| 049 | _aMAIN | ||
| 090 |
_aTS192 _bMAI |
||
| 245 | 0 | 0 |
_aMaintenance engineering handbook / _cLindley R. Higgins, editor in chief ; Dale P. Brautigam, associate editor, R. Keith Mobley, associate editor. |
| 250 | _a5th ed. | ||
| 260 |
_aNew York : _bMcGraw-Hill, _cc1995. |
||
| 300 |
_a1 v. (various pagings) : _bill. ; _c25 cm. |
||
| 504 | _aIncludes bibliographical references. | ||
| 500 | _aIncludes index. | ||
| 650 | 0 |
_aPlant maintenance _vHandbooks, manuals, etc. |
|
| 650 | 0 |
_aEngineering equipment _aMaintenance |
|
| 700 | 1 | _aHiggins, Lindley R. | |
| 700 | 1 | _aBrautigam, Dale P. | |
| 700 | 1 | _aMobley, R. Keith. | |
| 907 |
_a.b10069987 _b20-04-12 _c17-04-03 |
||
| 003 | |||
| 005 | 20230123133245.0 | ||
| 040 | _cNUST | ||
| 942 |
_cBOOKS _kTS192 _mMAI |
||
| 999 |
_c145456 _d145456 |
||